000 00302nam a22001337a 4500
003 SGT
020 _a9789381075128
082 _a615.7
_bVEN
100 _aVENKATESWARLU V
245 _aBIOPHARMACEUTICS AND PHARMACOKENETICS
260 _aINDIA
_bPHARMA MED
_c2026
300 _a506
942 _2ddc
_cBK
999 _c34463
_d34463